000 00320nam a22001337a 4500
008 170829b xxu||||| |||| 00| 0 eng d
020 _a9780312551902
041 _aeng
080 _a070
100 _a39
101 _aMED
245 _aTHE ESSENTIAL GUIDE TO INTERCULTURAL COMMUNICATION
_cRIVERA,J.W
942 _2udc
_cBK
999 _c25394
_d25394